000 00315 a2200145 4500
001 185389
020 _a
040 _cMagnum
100 _aRegina, Tia
240 1 0 _aMitologia afro-brasileira
_lpor
245 1 0 _aMitologia afro-brasileira
300 _a15
697 _aLITERATURA INFANTO-JUVENIL
942 _cBK
999 _c185389
_d185389